000 01036cam a2200133 4500500
005 20260329023206.0
041 _afre
042 _adc
100 1 0 _aPelletier, Stéphane
_eauthor
245 0 0 _aL'Espagne d'aujourd'hui
260 _bArmand Colin,
_c2014.
520 _aDepuis la mort de Franco en 1975, quatre décennies se sont écoulées au cours desquelles l’Espagne a connu de profondes mutations politiques, sociales, économiques et culturelles. De tels bouleversements ont fait de notre voisin transpyrénéen un partenaire incontournable au sein de l’Union européenne. De nos jours, l’Espagne est une démocratie stable à l’instar de ses partenaires européens. Afin de mieux saisir la trajectoire historique de l’Espagne démocratique, cette édition mise à jour intègre les aspects politiques, sociaux, économiques et institutionnels dans une approche globale de la réalité espagnole.
856 4 1 _uhttps://shs.cairn.info/l-espagne-d-aujourd-hui--9782200291099?lang=fr&redirect-ssocas=7080
999 _c1925367
_d1925367